[Event "Saratov region-ch Seniors"]
[Site "Saratov"]
[Date "2016.11.08"]
[Round "7.1"]
[White "Polyakov, Petr"]
[Black "Kovaliov, Nikolay"]
[Result "1/2-1/2"]
[WhiteElo "1656"]
[BlackElo "2110"]
[PlyCount "28"]
[EventDate "2016.11.04"]
[EventType "swiss"]
[EventRounds "7"]
[EventCountry "RUS"]
[SourceTitle "EXT 2022"]
[Source "ChessBase"]
[SourceDate "2021.10.06"]
[SourceVersion "1"]
[SourceVersionDate "2021.10.06"]
[SourceQuality "1"]

1. d4 Nf6 2. d5 c6 3. c4 cxd5 4. cxd5 Qa5+ 5. Nc3 e6 6. dxe6 dxe6 7. Bd2 Qb6 8. Qc2 Nc6 9. e3 Be7 10. Nf3 0-0 11. a3 Bd7 12. Bd3 Rac8 13. 0-0 Rfd8 14. Na4 Qc7 1/2-1/2

[Event "Saratov region-ch Seniors"]
[Site "Saratov"]
[Date "2016.11.04"]
[Round "1.1"]
[White "Kovaliov, Nikolay"]
[Black "Yashkin, Jury"]
[Result "1-0"]
[WhiteElo "2110"]
[BlackElo "1686"]
[PlyCount "41"]
[EventDate "2016.11.04"]
[EventType "swiss"]
[EventRounds "7"]
[EventCountry "RUS"]
[SourceTitle "EXT 2022"]
[Source "ChessBase"]
[SourceDate "2021.10.06"]
[SourceVersion "1"]
[SourceVersionDate "2021.10.06"]
[SourceQuality "1"]

1. e4 e6 2. d4 d5 3. Nd2 Nf6 4. e5 Nfd7 5. f4 c5 6. c3 Nc6 7. Ndf3 cxd4 8. cxd4 f6 9. g3 fxe5 10. fxe5 Bb4+ 11. Kf2 0-0 12. Kg2 Qb6 13. h4 Be7 14. Bd3 Nxd4 15. Nxd4 Nxe5 16. Bc2 Bc5 17. Ngf3 Bxd4 18. Nxd4 Ng6 19. h5 e5 20. hxg6 exd4 21. Rxh7 1-0

[Event "Saratov Rating 10"]
[Site "Saratov"]
[Date "2008.10.25"]
[Round "2"]
[White "Korchmar, Vasiliy"]
[Black "Kovaliov, Nikolay"]
[Result "1-0"]
[WhiteElo "2078"]
[BlackElo "2061"]
[PlyCount "77"]
[EventDate "2008.10.23"]
[EventType "tourn"]
[EventRounds "11"]
[EventCountry "RUS"]
[SourceTitle "EXT 2022"]
[Source "ChessBase"]
[SourceDate "2021.10.06"]
[SourceVersion "1"]
[SourceVersionDate "2021.10.06"]
[SourceQuality "1"]

1. d4 Nf6 2. c4 e6 3. Nf3 b6 4. g3 Ba6 5. Qc2 c5 6. Bg2 Nc6 7. 0-0 cxd4 8. Rd1 Rc8 9. Qa4 Bb7 10. Nxd4 Nxd4 11. Rxd4 Bxg2 12. Kxg2 Qc7 13. Bg5 Qb7+ 14. f3 Bc5 15. Bxf6 gxf6 16. Rd3 f5 17. Nc3 a6 18. Rad1 Rc7 19. Qc2 Be7 20. Qd2 h5 21. e4 fxe4 22. Nxe4 h4 23. Qf4 hxg3 24. hxg3 b5 25. c5 f5 26. Nd6+ Bxd6 27. cxd6 Rc2+ 28. R3d2 Qc8 29. Qd4 Kf7 30. Qf2 Rxd2 31. Qxd2 Qg8 32. Qd4 Qh7 33. Kf2 Qh2+ 34. Ke3 Qxg3 35. Qxh8 f4+ 36. Ke4 Qg6+ 37. Kxf4 Qf5+ 38. Kg3 Qg6+ 39. Kh4 1-0